000
00281nam a2200121Ia 4500
008
220204s9999 xx 000 0 und d
082
_a
633.811
_b
SEY
100
_a
SEYMOUR, Jacqueline
245
0
_a
Roses
260
_b
Colour international
490
_a
Nature series
942
_c
BK
999
_c
35540
_d
35540